| 000 | 00827nam a2200205Ia 4500 | ||
|---|---|---|---|
| 999 |
_c39603 _d39603 |
||
| 001 | 6203 | ||
| 003 | GE_BSU | ||
| 005 | 20190523150710.0 | ||
| 008 | 181216s||||||||xx |||||||||||||| ||und|| | ||
| 040 | _cGE_BSU | ||
| 041 | _ageo | ||
| 080 | _a629.114.2 : 631 დ-40 | ||
| 100 |
_aდვალი, რ. _91528 |
||
| 245 |
_aთვლიანი ტრაქტორის დინამიკა=Динамика колесного трактора : _bდამხმ. სახელმძღვ. / _cრ. დვალი |
||
| 264 |
_aთბილისი : _bმეცნიერება, _c1967. |
||
| 300 |
_a70 გვ. : _bნახაზ. ; _c20 სმ. |
||
| 504 | _aბიბლიოგრ. : გვ.64. | ||
| 653 | _aთვლიანი ტრაქტორის დინამიკა | ||
| 942 |
_cBK _2udc |
||